| 000 | 00000nam##2200000za#4500 |
| 001 | 9.699863 |
| 003 | CaOODSP |
| 005 | 20210625000556 |
| 007 | cr ||||||||||| |
| 008 | 150407|1969||||xxc|||||o f|0| 0 eng|d |
| 040 | |aCaOODSP|beng |
| 043 | |an-cn--- |
| 086 | 1 |aZ1-1963/1-5/3A-E-PDF |
| 110 | 1 |aCanada. |bPrivy Council Office. |
| 245 | 10|aReport of the Royal Commission on Bilingualism and Biculturalism. Book III : |h[electronic resource]|bthe work world : part 1 - socio-economic status, part 2 - the federal administration / |cA. Davidson Dunton and Jean-Louis Gagnon, co-chairmen. |
| 246 | 1 |iVariant title : |aBilingualism and biculturalism : the work world |
| 260 | |aOttawa - Ontario : |bPrivy Council Office |c1969. |
| 300 | |a138, 180, 146p.|bfigs., graphs, organization charts, tables |
| 500 | |aHistorical publication digitized in 2008 by Privy Council Office of Canada. |
| 504 | |aBibliography. |
| 590 | |a15-04-Supp|b2015-03-19 |
| 690 | 07|aGovernment policy|2gcpds |
| 690 | 07|aLanguage policy|2gcpds |
| 690 | 07|aOfficial languages|2gcpds |
| 690 | 07|aBilingualism|2gcpds |
| 690 | 07|aCommissions of inquiry|2gcpds |
| 775 | 08|tRapport de la Commission royale d'enquête sur le bilinguisme et le biculturalisme. Livre III |w(CaOODSP)9.643817 |
| 856 | 40|ahttp://publications.gc.ca|qPDF|s6.40 MB|uhttps://publications.gc.ca/collections/collection_2014/bcp-pco/Z1-1963-1-5-3A-3-eng.pdf |
| 856 | 40|ahttp://publications.gc.ca|qPDF|s5.96 MB|uhttps://publications.gc.ca/collections/collection_2014/bcp-pco/Z1-1963-1-5-3A-1-eng.pdf |
| 856 | 40|ahttp://publications.gc.ca|qPDF|s9.39 MB|uhttps://publications.gc.ca/collections/collection_2014/bcp-pco/Z1-1963-1-5-3A-2-eng.pdf |